| 000 | 01382nam0a2200373 4500 | ||
|---|---|---|---|
| 001 | RU\NLR\bibl\124551 | ||
| 005 | 20250617102315.0 | ||
| 010 |
_a5-88151-250-2 _9150 |
||
| 021 |
_aRU _b2000-30029 _91412 |
||
| 035 | _a(NLR Aleph) 000121984 | ||
| 090 |
_a694873 _c694873 |
||
| 100 | _a20001012d2000 |||y0rusy50 ca | ||
| 101 | 0 | _arus | |
| 102 | _aRU | ||
| 105 | _aa ||||||||| | ||
| 200 | 1 |
_aУсилители _e[Учеб. пособие] _fИ. И. Бобров _gМ-во образования Рос. Федерации, Перм. гос. техн. ун-т |
|
| 210 |
_aПермь _cПГТУ _d2000 |
||
| 215 |
_a175 с. _cил. _d20 |
||
| 309 | _aБиблиогр.: с. 175 | ||
| 606 | 0 |
_aУсилители _jРуководства, пособия и т.п. для высшей школы _91386913 _3RU\NLR\auth\66269197 |
|
| 606 | 0 |
_aУсилители _jУчебные издания для высшей школы _91386913 _3RU\NLR\auth\66269197 |
|
| 610 | 0 | _aУсилители | |
| 675 |
_a621.375(075.8) _v3 _zrus |
||
| 686 |
_a47 _2rugasnti |
||
| 686 |
_a32.847.4я73 _2rubbk |
||
| 686 | _aЗ846я73-1 | ||
| 700 | 1 |
_aБобров _gИннокентий Иванович _4070 |
|
| 801 | 0 |
_aRU _bRKP _c20001012 _gPSBO |
|
| 801 | 1 |
_aRU _bRKP _c20001012 |
|
| 801 | 2 |
_aRU _bNLR _c20010207 _grcr |
|
| 852 |
_aNLR _j2000-3/16794 |
||
| 942 | _cBOOK | ||
| 980 | _aNB | ||